[Event "GER-chT Online Liga 1 GpC"]
[Site "Playchess.com INT"]
[Date "2021.01.21"]
[Round "1.4"]
[White "Von Knobloch, Benedikt"]
[Black "Weidemann, Jakob"]
[Result "1-0"]
[WhiteElo "1516"]
[BlackElo "1570"]
[PlyCount "87"]
[EventDate "2021.01.21"]
[EventType "team-tourn (rapid)"]
[EventRounds "7"]
[EventCountry "GER"]
[SourceTitle "CBM 200 Extra"]
[Source "ChessBase"]
[SourceDate "2021.03.31"]
[SourceVersion "1"]
[SourceVersionDate "2021.03.31"]
[SourceQuality "1"]
[WhiteTeam "Rinteln"]
[BlackTeam "Muenster"]
[WhiteTeamCountry "GER"]
[BlackTeamCountry "GER"]

1. d4 Nf6 2. c4 e5 3. dxe5 Ng4 4. e4 Nxe5 5. f4 Nec6 6. a3 a5 7. Be3 Na6 8. Nf3 Bc5 9. Qd2 0-0 10. Nc3 d6 11. Bd3 Re8 12. 0-0 Bxe3+ 13. Qxe3 Nc5 14. Bc2 a4 15. e5 Na5 16. Rae1 Nxc4 17. Qe2 d5 18. Bxh7+ Kxh7 19. Ng5+ Kg6 20. h4 Rh8 21. Nxd5 Qxd5 22. Rd1 Qc6 23. Qxc4 Rxh4 24. Qxf7+ Kh6 25. Qg8 Qxg2+ 26. Kxg2 Bh3+ 27. Kg3 Rxg8 28. Kxh4 Bxf1 29. Rxf1 g6 30. Kg4 Kg7 31. Rh1 Kf8 32. Rh3 b6 33. Nh7+ Ke7 34. Nf6 Rg7 35. Rh8 Ne6 36. Re8+ Kf7 37. Ra8 Nc5 38. Ra7 Ke6 39. Kg5 Nd3 40. Rxa4 Nxb2 41. Rd4 b5 42. Kh6 Rf7 43. Kxg6 Nc4 44. f5+ 1-0

[Event "DSOL 01 Liga Gr-A 1st"]
[Site "Playchess.com INT"]
[Date "2020.08.06"]
[Round "7.3"]
[White "Von Knobloch, Benedikt"]
[Black "Wachinger, Nikolas"]
[Result "1-0"]
[WhiteElo "1710"]
[BlackElo "2276"]
[PlyCount "71"]
[EventDate "2020.06.22"]
[EventType "team-tourn (rapid)"]
[EventCountry "GER"]
[SourceTitle "EXT 2021"]
[Source "ChessBase"]
[SourceDate "2020.10.23"]
[SourceVersion "1"]
[SourceVersionDate "2020.10.23"]
[SourceQuality "1"]
[WhiteTeam "Rinteln"]
[BlackTeam "Werder Bremen"]
[WhiteTeamCountry "GER"]
[BlackTeamCountry "GER"]

1. d4 Nf6 2. c4 e6 3. Nf3 d5 4. Bg5 Bb4+ 5. Nc3 dxc4 6. Qa4+ Nc6 7. e4 h6 8. Bxf6 Qxf6 9. Bxc4 0-0 10. 0-0 Bd7 11. Qb3 Qe7 12. Qc2 Na5 13. Be2 c5 14. a3 Bxc3 15. Qxc3 b6 16. dxc5 Qxc5 17. Qd3 Qe7 18. b4 Nc6 19. e5 Rfd8 20. Qe4 Be8 21. Rac1 Rac8 22. Ba6 Rc7 23. Bd3 g6 24. Qe3 Kg7 25. h4 Nb8 26. h5 Rdc8 27. hxg6 fxg6 28. Rxc7 Rxc7 29. Nd4 Rc3 30. Ra1 Rc8 31. Qe4 Rd8 32. Rc1 a5 33. Rc7 Rd7 34. Rc8 axb4 35. axb4 Bf7 36. Rxb8 1-0

[Event "Niedersachsen-ch op-B"]
[Site "Verden an der Aller"]
[Date "2020.01.04"]
[Round "5"]
[White "Schindehuette, Frank"]
[Black "Von Knobloch, Benedikt"]
[Result "1/2-1/2"]
[WhiteElo "1621"]
[BlackElo "1437"]
[PlyCount "79"]
[EventDate "2020.01.02"]
[EventType "swiss"]
[EventRounds "7"]
[EventCountry "GER"]
[SourceTitle "EXT 2023"]
[Source "ChessBase"]
[SourceDate "2022.10.05"]
[SourceVersion "1"]
[SourceVersionDate "2022.10.05"]
[SourceQuality "1"]

1. f4 d5 2. c4 c6 3. d4 Nf6 4. Nc3 Bf5 5. Nf3 e6 6. e3 Bb4 7. Qb3 Bxc3+ 8. bxc3 b6 9. Ne5 0-0 10. Be2 h5 11. h3 Be4 12. 0-0 Qc7 13. Qd1 g6 14. g4 hxg4 15. hxg4 Nbd7 16. g5 Nxe5 17. fxe5 Nh7 18. Rf4 Nxg5 19. Qf1 Kg7 20. Rh4 Qe7 21. Ba3 c5 22. Qf6+ Qxf6 23. exf6+ Kxf6 24. Rf1+ Kg7 25. dxc5 Rh8 26. Rff4 Nh3+ 27. Kf1 Nxf4 28. Rxh8 Rxh8 29. exf4 Rh1+ 30. Kf2 Rh2+ 31. Ke3 bxc5 32. Bxc5 a6 33. Bd4+ f6 34. c5 Rh3+ 35. Kd2 Kf7 36. c6 Ke8 37. Bxf6 Rh2 38. Ke3 Rxe2+ 39. Kxe2 d4 40. cxd4 1/2-1/2

[Event "Niedersachsen-ch op-B"]
[Site "Verden an der Aller"]
[Date "2020.01.03"]
[Round "3"]
[White "Soelter, Thomas"]
[Black "Von Knobloch, Benedikt"]
[Result "0-1"]
[WhiteElo "1584"]
[BlackElo "1437"]
[PlyCount "84"]
[EventDate "2020.01.02"]
[EventType "swiss"]
[EventRounds "7"]
[EventCountry "GER"]
[SourceTitle "EXT 2023"]
[Source "ChessBase"]
[SourceDate "2022.10.05"]
[SourceVersion "1"]
[SourceVersionDate "2022.10.05"]
[SourceQuality "1"]

1. d4 Nf6 2. c4 g6 3. Nc3 Bg7 4. e4 d6 5. Nf3 0-0 6. Be2 e5 7. dxe5 dxe5 8. Qxd8 Rxd8 9. Nxe5 Nxe4 10. Nxe4 Bxe5 11. 0-0 Bf5 12. Ng3 Be6 13. Rb1 Nc6 14. Be3 Nb4 15. a3 Nc2 16. Bc5 b6 17. Bb4 Nxb4 18. axb4 Rd2 19. Bf3 Rad8 20. b3 h5 21. Rfd1 Rxd1+ 22. Rxd1 Rxd1+ 23. Bxd1 Bxg3 24. hxg3 Bf5 25. b5 Kf8 26. Kf1 Ke7 27. Ke2 Kd6 28. Ke3 Kc5 29. Kd2 Kb4 30. f3 Bb1 31. Kc1 Bd3 32. f4 Bf1 33. Kb2 Bxg2 34. f5 Be4 35. fxg6 fxg6 36. Be2 Bf5 37. Bf3 Bg4 38. Be4 g5 39. Bc6 h4 40. gxh4 gxh4 41. Bg2 h3 42. Bh1 Be2 0-1

[Event "Niedersachsen-ch op-B"]
[Site "Verden an der Aller"]
[Date "2020.01.02"]
[Round "2"]
[White "Von Knobloch, Benedikt"]
[Black "Michelitsch, Mario"]
[Result "1-0"]
[WhiteElo "1437"]
[BlackElo "1598"]
[PlyCount "63"]
[EventDate "2020.01.02"]
[EventType "swiss"]
[EventRounds "7"]
[EventCountry "GER"]
[SourceTitle "EXT 2023"]
[Source "ChessBase"]
[SourceDate "2022.10.05"]
[SourceVersion "1"]
[SourceVersionDate "2022.10.05"]
[SourceQuality "1"]

1. d4 Nf6 2. c4 e6 3. Nf3 d5 4. Bg5 Be7 5. e3 h6 6. Bh4 0-0 7. Nc3 Nbd7 8. Qb3 b6 9. cxd5 Nxd5 10. Nxd5 Bxh4 11. Nxh4 Qxh4 12. Nxc7 Rb8 13. Ba6 Bxa6 14. Nxa6 Rbc8 15. 0-0 Nf6 16. h3 g5 17. Kh2 Ng4+ 18. Kg1 Nf6 19. f3 h5 20. Rad1 g4 21. fxg4 hxg4 22. Rf4 Qg5 23. Kh2 Qg6 24. Nb4 Rfd8 25. Rdf1 g3+ 26. Kg1 Kg7 27. Nd3 a5 28. Rxf6 Qxf6 29. Rxf6 Kxf6 30. Qxb6 Rb8 31. Qxa5 Rdc8 32. Qe5+ 1-0

[Event "Hannover Bezirks-ch U18"]
[Site "Lehrte"]
[Date "2019.10.06"]
[Round "7.4"]
[White "Weigand, Anton"]
[Black "Von Knobloch, Benedikt"]
[Result "1-0"]
[WhiteElo "1841"]
[BlackElo "1595"]
[PlyCount "63"]
[EventDate "2019.10.03"]
[EventType "tourn"]
[EventRounds "7"]
[EventCountry "GER"]
[SourceTitle "EXT 2023"]
[Source "ChessBase"]
[SourceDate "2022.10.05"]
[SourceVersion "1"]
[SourceVersionDate "2022.10.05"]
[SourceQuality "1"]

1. e4 c5 2. Nf3 e6 3. Nc3 Nc6 4. Bb5 Qc7 5. 0-0 Nge7 6. Re1 d6 7. d4 cxd4 8. Nxd4 a6 9. Ba4 Bd7 10. Ndb5 axb5 11. Nxb5 Qb8 12. Nxd6+ Kd8 13. Bxc6 Nxc6 14. Nxf7+ Kc7 15. Nxh8 Bb4 16. c3 Bc5 17. Nf7 Qf8 18. Qf3 h6 19. Bf4+ Kb6 20. Ne5 Nxe5 21. Bxe5 Qxf3 22. gxf3 Rf8 23. Kg2 Be8 24. Bd4 Bxd4 25. cxd4 Bh5 26. Re3 Rf6 27. h3 Rg6+ 28. Kh2 Rf6 29. Rg1 g5 30. Kg3 Rf4 31. Rc1 Ka7 32. Rc8 1-0

[Event "Langenhagen Summer op 1st"]
[Site "Langenhagen"]
[Date "2019.07.06"]
[Round "6"]
[White "Gogacz, Pawel"]
[Black "Von Knobloch, Benedikt"]
[Result "0-1"]
[WhiteElo "1584"]
[BlackElo "1545"]
[PlyCount "120"]
[EventDate "2019.07.04"]
[EventType "swiss"]
[EventRounds "7"]
[EventCountry "GER"]
[SourceTitle "EXT 2020"]
[Source "ChessBase"]
[SourceDate "2019.10.17"]
[SourceVersion "1"]
[SourceVersionDate "2019.10.17"]
[SourceQuality "1"]

1. e4 c5 2. Nf3 e6 3. d4 cxd4 4. Nxd4 Nc6 5. Nc3 a6 6. Be2 Bc5 7. Nxc6 bxc6 8. Be3 Bxe3 9. fxe3 Qb6 10. Qd4 Qxd4 11. exd4 d5 12. exd5 cxd5 13. 0-0 Ne7 14. g4 Bd7 15. Rac1 Nc6 16. Rfd1 0-0 17. Na4 Na5 18. Nb6 Ra7 19. Nxd7 Rxd7 20. Bxa6 Ra8 21. Be2 Nc4 22. Bxc4 dxc4 23. b3 g6 24. a4 Rad8 25. b4 Rxd4 26. Rxd4 Rxd4 27. h3 c3 28. Rb1 Rd2 29. Rc1 Rd4 30. b5 Rxa4 31. Rb1 Ra2 32. b6 Rb2 33. Rd1 Rxb6 34. Rd8+ Kg7 35. Rc8 Rd6 36. Rxc3 Rd2 37. Kf1 h6 38. Ke1 Rh2 39. Kd1 Rh1+ 40. Kd2 Rh2+ 41. Kd1 f5 42. Rg3 f4 43. Rf3 e5 44. c4 Ra2 45. c5 Ra6 46. Rc3 Rc6 47. Rc4 Kf6 48. h4 g5 49. h5 Ke6 50. Ra4 Kd5 51. Ke2 Rxc5 52. Ra6 Rc6 53. Ra5+ Kd4 54. Ra4+ Rc4 55. Ra6 Rc2+ 56. Kd1 Rg2 57. Rxh6 Rxg4 58. Rh8 Rh4 59. h6 Ke3 60. h7 g4 0-1

[Event "Langenhagen Summer op 1st"]
[Site "Langenhagen"]
[Date "2019.07.05"]
[Round "4"]
[White "Pubantz, Richard"]
[Black "Von Knobloch, Benedikt"]
[Result "1-0"]
[WhiteElo "1734"]
[BlackElo "1545"]
[PlyCount "49"]
[EventDate "2019.07.04"]
[EventType "swiss"]
[EventRounds "7"]
[EventCountry "GER"]
[SourceTitle "EXT 2020"]
[Source "ChessBase"]
[SourceDate "2019.10.17"]
[SourceVersion "1"]
[SourceVersionDate "2019.10.17"]
[SourceQuality "1"]

1. d4 Nf6 2. c4 g6 3. Nc3 Bg7 4. e4 d6 5. Be2 0-0 6. Be3 e5 7. Nf3 Nc6 8. d5 Ne7 9. Nd2 Ne8 10. c5 f5 11. f3 f4 12. Bf2 g5 13. Qc2 h5 14. 0-0-0 Nf6 15. Nc4 Ne8 16. Kb1 Ng6 17. Rc1 g4 18. cxd6 cxd6 19. Nb5 a6 20. Nb6 Rb8 21. Nxc8 axb5 22. Bb6 Qd7 23. Na7 Nf6 24. Bxb5 Qe7 25. Qa4 1-0

[Event "Langenhagen Summer op 1st"]
[Site "Langenhagen"]
[Date "2019.07.05"]
[Round "3"]
[White "Von Knobloch, Benedikt"]
[Black "Reichelt, Lena"]
[Result "1/2-1/2"]
[WhiteElo "1545"]
[BlackElo "1634"]
[PlyCount "75"]
[EventDate "2019.07.04"]
[EventType "swiss"]
[EventRounds "7"]
[EventCountry "GER"]
[SourceTitle "EXT 2020"]
[Source "ChessBase"]
[SourceDate "2019.10.17"]
[SourceVersion "1"]
[SourceVersionDate "2019.10.17"]
[SourceQuality "1"]

1. Nf3 e6 2. c4 Nf6 3. b3 b6 4. Bb2 Bb7 5. e3 d5 6. Nc3 c5 7. d4 Be7 8. Be2 0-0 9. 0-0 Nc6 10. cxd5 Nxd5 11. Nxd5 Qxd5 12. dxc5 Qxd1 13. Rfxd1 Bxc5 14. h3 Rfd8 15. Nd4 Bxd4 16. exd4 Nb4 17. a3 Nc6 18. b4 Ne7 19. Rac1 Rac8 20. Rxc8 Rxc8 21. Rc1 Rxc1+ 22. Bxc1 Nf5 23. Bb2 g6 24. g4 Ne7 25. Kh2 Kf8 26. Kg3 f5 27. g5 Nc6 28. Bc4 Nd8 29. b5 Ke7 30. Bc1 Nf7 31. Bf4 Nd6 32. Bd3 Bd5 33. Bxd6+ Kxd6 34. Kf4 Bb3 35. Ke3 Kd5 36. f4 Bc4 37. h4 Bb3 38. Be2 1/2-1/2

[Event "Niedersachsen-ch op B"]
[Site "Verden"]
[Date "2019.01.05"]
[Round "6"]
[White "Von Knobloch, Benedikt"]
[Black "Hoke, Joshua Sky"]
[Result "0-1"]
[WhiteElo "1481"]
[BlackElo "1672"]
[PlyCount "28"]
[EventDate "2019.01.03"]
[EventType "swiss"]
[EventRounds "7"]
[EventCountry "GER"]
[SourceTitle "EXT 2022"]
[Source "ChessBase"]
[SourceDate "2021.10.06"]
[SourceVersion "1"]
[SourceVersionDate "2021.10.06"]
[SourceQuality "1"]

1. Nf3 d5 2. c4 e6 3. e3 Nf6 4. Nc3 Nbd7 5. b3 c5 6. d4 cxd4 7. Nxd4 Bb4 8. Bd2 0-0 9. cxd5 exd5 10. g3 Ne5 11. a3 Bc5 12. Be2 Bh3 13. Qc2 Rc8 14. Qb2 Qe7 0-1

[Event "Hannover Bezirk-ch U16"]
[Site "Hannover"]
[Date "2018.10.07"]
[Round "7.3"]
[White "Mao, Tianyi"]
[Black "Von Knobloch, Benedikt"]
[Result "0-1"]
[WhiteElo "1181"]
[BlackElo "1476"]
[PlyCount "58"]
[EventDate "2018.10.04"]
[EventType "swiss"]
[EventRounds "7"]
[EventCountry "GER"]
[SourceTitle "EXT 2022"]
[Source "ChessBase"]
[SourceDate "2021.10.06"]
[SourceVersion "1"]
[SourceVersionDate "2021.10.06"]
[SourceQuality "1"]

1. e4 e6 2. d3 d5 3. f3 c5 4. Bf4 Nc6 5. Nd2 Bd6 6. Ne2 Nf6 7. e5 Bxe5 8. Bxe5 Nxe5 9. d4 cxd4 10. Nxd4 Nc6 11. N2b3 0-0 12. Bd3 Qb6 13. c3 Nxd4 14. Nxd4 Qxb2 15. 0-0 Qxc3 16. Nb5 Qc5+ 17. Kh1 Bd7 18. Qb3 Bxb5 19. Bxb5 Rfc8 20. Rac1 Qxc1 21. Kg1 Qc3 22. Qb1 Qe3+ 23. Kh1 Rc3 24. Bd7 Nxd7 25. Qxb7 Rc1 26. Qxa8+ Nf8 27. h3 Rxf1+ 28. Kh2 Qf4+ 29. g3 Rf2+ 0-1

[Event "Hannover Bezirk-ch U16"]
[Site "Hannover"]
[Date "2018.10.05"]
[Round "4.5"]
[White "Von Knobloch, Benedikt"]
[Black "Hofmann, Justin"]
[Result "1-0"]
[WhiteElo "1476"]
[BlackElo "1323"]
[PlyCount "107"]
[EventDate "2018.10.04"]
[EventType "swiss"]
[EventRounds "7"]
[EventCountry "GER"]
[SourceTitle "EXT 2022"]
[Source "ChessBase"]
[SourceDate "2021.10.06"]
[SourceVersion "1"]
[SourceVersionDate "2021.10.06"]
[SourceQuality "1"]

1. Nf3 d5 2. c4 Nf6 3. e3 c5 4. cxd5 Nxd5 5. Bc4 e6 6. d4 Nc6 7. 0-0 cxd4 8. Nxd4 Ndb4 9. Nc3 Nxd4 10. exd4 Nc6 11. d5 Na5 12. Bb5+ Bd7 13. dxe6 fxe6 14. Bg5 Be7 15. Bxe7 Qxe7 16. Qxd7+ Qxd7 17. Bxd7+ Kxd7 18. Rad1+ Ke7 19. Rfe1 Kf6 20. Rd6 Rae8 21. b3 Rhf8 22. Nd5+ Kf7 23. Nc7 Re7 24. Nxe6 h6 25. Kf1 Rfe8 26. Nd8+ Kf8 27. Rxe7 Kxe7 28. Rd5 b6 29. b4 Rxd8 30. Rxd8 Kxd8 31. bxa5 b5 32. Ke2 Kc7 33. Kd3 Kc6 34. a3 Kd5 35. h4 Ke5 36. g3 Kf5 37. f3 Ke5 38. Ke3 Kd5 39. Kd3 Ke5 40. f4+ Kf5 41. Kd4 Kg4 42. Kc5 Kxg3 43. Kxb5 Kxh4 44. Ka6 Kg3 45. Kxa7 h5 46. Kb6 h4 47. a6 h3 48. a7 Kf2 49. a8Q Kg1 50. a4 h2 51. a5 h1Q 52. Qxh1+ Kxh1 53. Kc6 Kg2 54. Kd6 1-0

[Event "Hannover-ch U14"]
[Site "Lehrte"]
[Date "2016.10.04"]
[Round "7"]
[White "Sauer, Joris"]
[Black "Von Knobloch, Benedikt"]
[Result "1-0"]
[WhiteElo "1597"]
[BlackElo "1026"]
[PlyCount "69"]
[EventDate "2016.10.01"]
[EventType "swiss"]
[EventRounds "7"]
[EventCountry "GER"]
[SourceTitle "EXT 2020"]
[Source "ChessBase"]
[SourceDate "2019.10.17"]
[SourceVersion "1"]
[SourceVersionDate "2019.10.17"]
[SourceQuality "1"]

1. e4 e5 2. Bc4 Nc6 3. d3 Nf6 4. Be3 d5 5. exd5 Nxd5 6. Nf3 Nxe3 7. fxe3 Bc5 8. Qe2 Bg4 9. Nbd2 0-0 10. h3 Bh5 11. g4 Bg6 12. h4 h6 13. h5 Bh7 14. 0-0-0 a6 15. Rdg1 b5 16. Bb3 Re8 17. g5 Nd4 18. Nxd4 exd4 19. g6 Rxe3 20. gxh7+ Kxh7 21. Qg4 Qg5 22. Qxg5 hxg5 23. Ne4 Be7 24. Nxg5+ Bxg5 25. Rxg5 Rae8 26. Kd1 f6 27. Rd5 c6 28. Rxd4 a5 29. Rd6 a4 30. Bf7 R8e7 31. Bg6+ Kh6 32. Rxc6 Rb7 33. Rg1 b4 34. Rc8 a3 35. Rh8# 1-0